000 00709nam a2200277Ia 4500
005 20260324120334.0
008 008 260324s9999 xx 000 0 eng d
020 _a9781315587417
037 _aEBOOK
040 _aCRL
040 _beng
040 _cCRL
041 _2eng
041 _aeng
084 _qCRL
100 _aMark S. Young; Thomas G.C. Griffin; Neville A. Stanton
_91158171
245 0 _aHuman Factors Models for Aviation Accident Analysis and Prevention
260 _bTaylor and Francis
260 _c2015
365 _a
365 _b240
856 _uhttp://www.taylorfrancis.com/books/9781315587417
942 _cEBOOK
999 _c1749649
_d1749649